Muž, ktorý vidí ďalej ako iní
Vznik počítačovej firmy Apple Computer Co. Filozofia podnikania Steva Jobsa, jedného zo zakladateľov firmy Apple. Zostrojenie nového počítača Macintosh. Konkurencia v podobe firmy Microsoft. Ťažkosti a straty. Odchod S. Jobsa z Applu. Veľkolepý návrat.
Uložené v:
| Hlavný autor: | |
|---|---|
| Ďalší autori: | |
| Médium: | Kapitola |
| Jazyk: | Slovak |
| Predmet: | |
| Tagy: |
Žiadne tagy, Buďte prvý, kto otaguje tento záznam!
|
MARC
| LEADER | 00000naa$a2200000$$$4500 | ||
|---|---|---|---|
| 001 | 0040861 | ||
| 005 | 20231009071500.0 | ||
| 041 | 0 | |a slo | |
| 044 | |a SK | ||
| 245 | 1 | 0 | |a Muž, ktorý vidí ďalej ako iní |c Michal Maťovčík, Eduard Žitňanský |
| 520 | |a Vznik počítačovej firmy Apple Computer Co. Filozofia podnikania Steva Jobsa, jedného zo zakladateľov firmy Apple. Zostrojenie nového počítača Macintosh. Konkurencia v podobe firmy Microsoft. Ťažkosti a straty. Odchod S. Jobsa z Applu. Veľkolepý návrat. | ||
| 610 | 2 | 0 | |a podnikanie |
| 610 | 2 | 0 | |a podnikatelia |
| 610 | 2 | 0 | |a manažéri |
| 610 | 2 | 0 | |a metódy riadenia |
| 610 | 2 | 0 | |a firmy |
| 610 | 2 | 0 | |a konkurencia |
| 610 | 2 | 0 | |a počítače |
| 610 | 2 | 0 | |a technológie informačné |
| 610 | 2 | 0 | |a Apple Computer Co. |
| 100 | 1 | |a Maťovčík, Michal | |
| 700 | 1 | |a Žitňanský, Eduard | |